00796 2200277 4500001002100000005001700021008004100038020002200079035002500101040001200126082001800138084002000156100001600176245008000192250001100272260002900283300003200312504003100344650003700375700001700412700002300429850001200452990001800464990001800482990001800500INLIS00000000000607620150625105832.0  a978-602-18836-5-5 a0010-061500000000197 aYOPDYOG 223a615.85154 a615.81554 Has T aHASTOMI, I. aTerapi musikc/ I. Hastomi dan E. Sumaryati; Penyunting, Chrisna Farmadiani aCet. 2 aSlemanbJavaliterac2014 a120 hlm.b: Ilus.c; 20 cm. aBibliografi: hlm. 115- 118 aMusik -- Penggunaan dalam terapi aSUMARYATI, E aCHRISNA Farmadiani aYOPDYOG a17267-PD/B.15 a17268-PD/B.15 a17269-PD/B.15